00851nam a2200241Ia 450000100060000000300090000600800410001504000130005604000130006904100130008210000230009510000290011824500370014724500260018425000110021026000100022126000240023126000490025530000590030450002000036365000150056365000310057825432IT-RoPAU130308s9999 xx 000 0 und d aIT-RoPAU cIT-RoPAU aFRANCESE aRey-Debove Josette gCodice Aut. SPICS: 2098 aProblemes de semantique lexicale bSemantique et Logique a1a ed. aPARIS bDelarge Jean Pierre c1976 [1° Ed.:1976 - Ed.Ling.Originale:1976] a"16 p. (prefazione: no ; testo: 16 [pagine: 167-182])" aProblemi di Semantica Lessicale Lessico Unità e Produzione di Codice Semiotica e Denominazione Componente Semantica Lessicale dei Generativisti referenza e Sinonimia Linguaggio e Metalinguaggio aSEMIOLOGIA eCodice materia Spics: 3251